Central Library OPAC University of Rajshahi

দি ওয়ার অব দি ওয়ার্ল্ডস / (Record no. 69212)

MARC details
000 -LEADER
fixed length control field 01223nam a2200253 a 4500
001 - CONTROL NUMBER
control field 69212
003 - CONTROL NUMBER IDENTIFIER
rucl marc code BD-RjUL
005 - DATE AND TIME OF LATEST TRANSACTION
control field 20211209081848.0
008 - FIXED-LENGTH DATA ELEMENTS--GENERAL INFORMATION
fixed length control field 170410r19551952ii ||||| |||| 00| 0 ben d
035 ## - SYSTEM CONTROL NUMBER
System control number (BD-RjUL)69423
040 ## - CATALOGING SOURCE
Original cataloging agency BD-RjUL
Language of cataloging eng
Transcribing agency BD-RjUL
041 ## - LANGUAGE CODE
Language code of text/sound track or separate title eng
082 ## - DEWEY DECIMAL CLASSIFICATION NUMBER
Edition number 23
Classification number 823.912
Author mark and year WEW 1955
100 ## - MAIN ENTRY--PERSONAL NAME
Personal name ওয়েলস, এইচ. জি.
9 (RLIN) 150008
245 1# - TITLE STATEMENT
Title দি ওয়ার অব দি ওয়ার্ল্ডস /
Statement of responsibility, etc. এইচ. জি. ওয়েলস, অনুবাদ নির্মলচন্দ্র গঙ্গোপাধ্যায়
260 ## - PUBLICATION, DISTRIBUTION, ETC. (IMPRINT)
Place of publication, distribution, etc. কলিকাতা :
Name of publisher, distributor, etc. অভ্যুদয় প্রকাশ,
Date of publication, distribution, etc. ১৯৫৫.
300 ## - PHYSICAL DESCRIPTION
Pagination ১৪২ পৃ. ;
Size ২০ সেমি.
650 ## - SUBJECT ADDED ENTRY--TOPICAL TERM
Topical term or geographic name as entry element Wells, H. G. (Herbert George), 1866-1946
9 (RLIN) 205062
Topical term or geographic name as entry element ওয়েলস, এইচ. জি. (হার্বার্ট জর্জ), ১৮৬৬-১৯৪৬
9 (RLIN) 209648
Topical term or geographic name as entry element Science fiction, English.
9 (RLIN) 209649
Topical term or geographic name as entry element বৈজ্ঞানিক কল্পকাহিনী, ইংরেজী
9 (RLIN) 209650
700 ## - ADDED ENTRY--PERSONAL NAME
Personal name গঙ্গোপাধ্যায়, নির্মলচন্দ্র
942 ## - ADDED ENTRY ELEMENTS (KOHA)
Source of classification or shelving scheme Dewey Decimal Classification
Koha item type Books
Holdings
Lost status Source of classification or shelving scheme Damaged status Not for loan Collection code Permanent Location Current Location Shelving location Date acquired Source of acquisition Cost, normal purchase price Total Checkouts Full call number Date last seen Copy number Koha item type
  Dewey Decimal Classification   Not For Loan Non-fiction Central Library, University of Rajshahi Central Library, University of Rajshahi Reading Room 12/10/1959 Warsi Book Centre, Dhaka 2.50   B 823.912 WEW 1955 10/04/2017 C-1 Books